[Event "Victoria Grand Pacific op 8th"]
[Site "Victoria"]
[Date "2014.04.20"]
[Round "5"]
[White "McLaren, Brian"]
[Black "Xiao, Alice"]
[Result "1-0"]
[WhiteElo "2102"]
[BlackElo "1940"]
[PlyCount "107"]
[EventDate "2014.04.18"]
[EventType "swiss"]
[EventRounds "6"]
[EventCountry "CAN"]
[SourceTitle "CBM 160 Extra"]
[Source "ChessBase"]
[SourceDate "2014.07.01"]
[SourceVersion "1"]
[SourceVersionDate "2014.07.01"]
[SourceQuality "1"]

1. Nf3 d5 2. c4 e6 3. g3 Nf6 4. Bg2 Be7 5. b3 c5 6. cxd5 Nxd5 7. 0-0 Bf6 8. d4 cxd4 9. Nxd4 0-0 10. Bb2 Qb6 11. Na3 Bd7 12. Nc4 Qa6 13. Bxd5 exd5 14. Ne3 Bh3 15. Re1 Rd8 16. Qd2 Nc6 17. Nxc6 Qxc6 18. Rac1 Qe6 19. Bxf6 Qxf6 20. Nxd5 Qe5 21. e4 f5 22. Qf4 Qxf4 23. Nxf4 Bg4 24. exf5 Bxf5 25. Re5 Bd7 26. Nd5 Kf8 27. Rce1 Rac8 28. R5e3 Rc2 29. Rf3+ Kg8 30. Ne7+ Kh8 31. Rd1 Rc7 32. Rfd3 g6 33. g4 Kg7 34. Nd5 Bb5 35. Nxc7 Rxd3 36. Rxd3 Bxd3 37. f4 Kf6 38. Kf2 Ke7 39. Ke3 Bf1 40. Nd5+ Ke6 41. Kd4 b6 42. h4 Bh3 43. Ne3 h5 44. gxh5 gxh5 45. Ke4 Kf6 46. f5 b5 47. b4 Ke7 48. Kf4 Kf6 49. Nd5+ Kf7 50. Kg5 Bg4 51. Nf6 Be2 52. Nxh5 Bxh5 53. Kxh5 Kf6 54. Kg4 1-0

[Event "CAN-ch U16/18 Girls"]
[Site "Ottawa"]
[Date "2013.07.12"]
[Round "5"]
[White "Vyravanathan, Sobiga"]
[Black "Xiao, Alice"]
[Result "0-1"]
[WhiteElo "1640"]
[BlackElo "1959"]
[PlyCount "68"]
[EventDate "2013.07.10"]
[EventType "swiss"]
[EventRounds "6"]
[EventCountry "CAN"]
[SourceTitle "EXT 2022"]
[Source "ChessBase"]
[SourceDate "2021.10.06"]
[SourceVersion "1"]
[SourceVersionDate "2021.10.06"]
[SourceQuality "1"]

1. e4 d5 2. exd5 Qxd5 3. Nc3 Qa5 4. d4 c6 5. Nf3 Nf6 6. Bd2 Qc7 7. Be2 Bf5 8. Be3 e6 9. Nh4 Bg6 10. Nxg6 hxg6 11. g3 Nbd7 12. Qd2 Bb4 13. Qd3 Rd8 14. Qc4 Nd5 15. Bd2 N7f6 16. 0-0-0 b5 17. Qd3 Qa5 18. Nxd5 Nxd5 19. Bxb4 Nxb4 20. Qa3 Nxa2+ 21. Kb1 Qxa3 22. bxa3 Nc3+ 23. Kb2 Nxe2 24. c3 Ke7 25. Rde1 Nxd4 26. cxd4 Rxd4 27. Re2 Rhd8 28. f4 Rd2+ 29. Rxd2 Rxd2+ 30. Kc3 Rd5 31. Kb4 Kd7 32. h4 Kc7 33. Re1 Rd3 34. Rg1 Kb6 0-1

[Event "CAN-ch U16/18 Girls"]
[Site "Ottawa"]
[Date "2013.07.11"]
[Round "4"]
[White "Xiao, Alice"]
[Black "Foote, Joanne"]
[Result "1-0"]
[WhiteElo "1959"]
[BlackElo "1711"]
[PlyCount "59"]
[EventDate "2013.07.10"]
[EventType "swiss"]
[EventRounds "6"]
[EventCountry "CAN"]
[SourceTitle "EXT 2022"]
[Source "ChessBase"]
[SourceDate "2021.10.06"]
[SourceVersion "1"]
[SourceVersionDate "2021.10.06"]
[SourceQuality "1"]

1. e4 c5 2. Nf3 d6 3. Bb5+ Bd7 4. Bxd7+ Qxd7 5. c4 Nc6 6. d4 cxd4 7. Nxd4 Nf6 8. Nc3 e6 9. 0-0 Be7 10. Be3 0-0 11. Qe2 Rac8 12. f3 a6 13. Rac1 Nxd4 14. Bxd4 d5 15. Rfd1 Rxc4 16. Bxf6 Rfc8 17. Bxe7 Qxe7 18. exd5 Qc5+ 19. Qf2 exd5 20. Qxc5 R4xc5 21. Rd4 h6 22. Rcd1 b5 23. Nxd5 Re8 24. Nc3 Re6 25. Kf2 Kh7 26. Re1 Rb6 27. a3 a5 28. Ke2 Rc8 29. Rd7 Kg6 30. Nd5 1-0

[Event "Wch U18 Girls"]
[Site "Al Ain"]
[Date "2013.??.??"]
[Round "1"]
[White "Xiao, Alice"]
[Black "Osmanodja, Filiz"]
[Result "0-1"]
[WhiteElo "1874"]
[BlackElo "2274"]
[PlyCount "134"]
[EventDate "2013.12.18"]
[EventType "swiss"]
[EventRounds "11"]
[EventCountry "UAE"]
[SourceTitle "CBM 158 Extra"]
[Source "ChessBase"]
[SourceDate "2014.02.28"]
[SourceVersion "1"]
[SourceVersionDate "2014.02.28"]
[SourceQuality "1"]

1. e4 c5 2. Nf3 d6 3. Bb5+ Nc6 4. 0-0 Bd7 5. c3 a6 6. Ba4 g6 7. d4 b5 8. Bb3 Bg7 9. Be3 c4 10. Bc2 Nf6 11. h3 0-0 12. Qd2 Nh5 13. Bh6 e5 14. Bxg7 Kxg7 15. Rd1 Ra7 16. a4 Rb7 17. axb5 axb5 18. Ra6 Qe7 19. Na3 Nb8 20. Ra8 Bc6 21. d5 Be8 22. b3 cxb3 23. Bxb3 Nd7 24. Rb1 Nc5 25. Bc2 Bd7 26. Rxf8 Qxf8 27. c4 Qb8 28. cxb5 Bxb5 29. Qg5 f6 30. Qe3 Ba6 31. Rxb7+ Qxb7 32. Qc3 Nf4 33. Kh2 Qb6 34. Nd2 Ne2 35. Qe3 Qb2 36. Bd1 Nc3 37. Nac4 Bxc4 38. Nxc4 Nxd1 39. Nxb2 Nxe3 40. fxe3 Nxe4 41. Nc4 Kf7 42. Kg1 Ke7 43. Kf1 Kd7 44. Ke2 Nc3+ 45. Kd3 Nxd5 46. g4 Ke6 47. Ke4 Nb4 48. Kf3 d5 49. Nb2 Kd6 50. h4 e4+ 51. Kg3 d4 52. exd4 Kd5 53. g5 f5 54. Kf4 Kxd4 55. Nd1 Nd3+ 56. Kg3 f4+ 57. Kg2 Ne5 58. Kf2 Kd3 59. Ke1 e3 60. Nb2+ Ke4 61. Nd1 Nd3+ 62. Kf1 Kf3 63. Nc3 Nc1 64. Ke1 e2 65. Kd2 Kf2 66. Ne4+ Kf1 67. Ng3+ fxg3 0-1

[Event "Wch U18 Girls"]
[Site "Al Ain"]
[Date "2013.??.??"]
[Round "2"]
[White "Yousfi, Yasmine"]
[Black "Xiao, Alice"]
[Result "1-0"]
[WhiteElo "1649"]
[BlackElo "1874"]
[PlyCount "87"]
[EventDate "2013.12.18"]
[EventType "swiss"]
[EventRounds "11"]
[EventCountry "UAE"]
[SourceTitle "CBM 158 Extra"]
[Source "ChessBase"]
[SourceDate "2014.02.28"]
[SourceVersion "1"]
[SourceVersionDate "2014.02.28"]
[SourceQuality "1"]

1. c4 Nf6 2. Nc3 e6 3. g3 d5 4. Bg2 d4 5. Nb5 Nc6 6. Nf3 a6 7. Na3 Be7 8. 0-0 0-0 9. d3 e5 10. Nc2 h6 11. a3 Nh7 12. b4 Ng5 13. b5 Nxf3+ 14. Bxf3 axb5 15. cxb5 Na5 16. Rb1 Be6 17. Nb4 Rc8 18. Bd2 c5 19. bxc6 Nxc6 20. Nxc6 bxc6 21. Qa4 Bd5 22. Bxd5 Qxd5 23. Bb4 c5 24. Bd2 e4 25. dxe4 Qxe4 26. Qc4 Qe6 27. Rfc1 Ra8 28. a4 Rfc8 29. Rb7 Bf8 30. e3 Qe8 31. Ra1 d3 32. a5 Rd8 33. a6 Qe6 34. Qb5 c4 35. a7 Bd6 36. Ba5 Rdc8 37. Bc3 f6 38. Ra6 Kh7 39. Rb8 Rxa7 40. Rxc8 Qxc8 41. Rxa7 d2 42. Qb1+ Kh8 43. Bxd2 c3 44. Bxc3 1-0

[Event "Britsh Columbia-ch U20"]
[Site "Vancouver"]
[Date "2012.12.02"]
[Round "5.5"]
[White "Xiao, Alice"]
[Black "Yu, Robin"]
[Result "0-1"]
[WhiteElo "1890"]
[BlackElo "1509"]
[PlyCount "69"]
[EventDate "2012.12.01"]
[EventType "swiss"]
[EventRounds "5"]
[EventCountry "CAN"]
[SourceTitle "EXT 2022"]
[Source "ChessBase"]
[SourceDate "2021.10.06"]
[SourceVersion "1"]
[SourceVersionDate "2021.10.06"]
[SourceQuality "1"]

1. e4 d6 2. d4 Nf6 3. Nc3 g6 4. f3 Bg7 5. Be3 0-0 6. Qd2 Re8 7. Nge2 c6 8. g4 b5 9. h4 b4 10. Nd1 c5 11. h5 d5 12. e5 Nfd7 13. hxg6 fxg6 14. Nf4 cxd4 15. Ne6 Nxe5 16. Nxd4 Nbc6 17. Be2 e6 18. Nxc6 Nxc6 19. Bb5 Ne5 20. Qg2 Rf8 21. f4 Nd7 22. Bc6 Rb8 23. Bxa7 Qa5 24. Bxb8 Nxb8 25. f5 Nxc6 26. fxg6 hxg6 27. Qh2 Rf6 28. g5 Rf5 29. Ne3 b3+ 30. c3 Bxc3+ 31. Kd1 Rf7 32. bxc3 Qxc3 33. Qd2 Qxa1+ 34. Ke2 Qxh1 35. axb3 0-1

[Event "Britsh Columbia-ch U20"]
[Site "Vancouver"]
[Date "2012.12.01"]
[Round "1.7"]
[White "Toi, Andrew"]
[Black "Xiao, Alice"]
[Result "0-1"]
[WhiteElo "1544"]
[BlackElo "1890"]
[PlyCount "72"]
[EventDate "2012.12.01"]
[EventType "swiss"]
[EventRounds "5"]
[EventCountry "CAN"]
[SourceTitle "EXT 2022"]
[Source "ChessBase"]
[SourceDate "2021.10.06"]
[SourceVersion "1"]
[SourceVersionDate "2021.10.06"]
[SourceQuality "1"]

1. e4 c5 2. Nf3 Nc6 3. d4 cxd4 4. Nxd4 Nf6 5. Nc3 e5 6. Nb3 Bb4 7. f3 d5 8. exd5 Nxd5 9. Bd2 Nxc3 10. Bxc3 Bxc3+ 11. bxc3 Qh4+ 12. g3 Qg5 13. Qe2 0-0 14. Bg2 f5 15. 0-0 f4 16. g4 h5 17. h3 Be6 18. Nc5 Bd5 19. c4 Nd4 20. Qd3 Bf7 21. c3 Ne6 22. Nxb7 Qe7 23. Rab1 Rab8 24. Qd5 Ng5 25. Qb5 Rfc8 26. c5 Bd5 27. Rfd1 Rxb7 28. Qd3 Qxc5+ 29. Kh1 Rxb1 30. Rxb1 hxg4 31. hxg4 Qc6 32. Rf1 Bc4 33. Qf5 Bxf1 34. Qxg5 Bxg2+ 35. Kxg2 Qxc3 36. Qe7 Qc7 0-1

[Event "Britsh Columbia-ch U20"]
[Site "Vancouver"]
[Date "2012.12.01"]
[Round "2.4"]
[White "Xiao, Alice"]
[Black "Sohal, Tanraj"]
[Result "0-1"]
[WhiteElo "1890"]
[BlackElo "2192"]
[PlyCount "60"]
[EventDate "2012.12.01"]
[EventType "swiss"]
[EventRounds "5"]
[EventCountry "CAN"]
[SourceTitle "EXT 2022"]
[Source "ChessBase"]
[SourceDate "2021.10.06"]
[SourceVersion "1"]
[SourceVersionDate "2021.10.06"]
[SourceQuality "1"]

1. e4 c5 2. Nf3 Nc6 3. Bb5 g6 4. Bxc6 bxc6 5. d3 Bg7 6. Nc3 d6 7. h3 e5 8. Be3 Rb8 9. Rb1 Ne7 10. Qd2 0-0 11. Bh6 f5 12. Bxg7 Kxg7 13. exf5 Bxf5 14. Ne4 h6 15. c3 c4 16. Qe3 cxd3 17. g4 Nd5 18. Qxd3 Bxe4 19. Qxe4 Qf6 20. c4 Nb4 21. a3 d5 22. Qe2 Qxf3 23. Qxf3 Nc2+ 24. Kd2 Rxf3 25. Kxc2 Rxf2+ 26. Kc1 dxc4 27. Re1 Rb3 28. Rxe5 Rxh3 29. Kd1 Rf1+ 30. Kc2 Rh2+ 0-1

[Event "Wch U16 Girls"]
[Site "Maribor"]
[Date "2012.11.15"]
[Round "8.37"]
[White "Xiao, Alice"]
[Black "Machlik, Edit"]
[Result "1-0"]
[WhiteElo "1843"]
[BlackElo "1748"]
[PlyCount "61"]
[EventDate "2012.11.08"]
[EventType "swiss"]
[EventRounds "11"]
[EventCountry "SLO"]
[SourceTitle "EXT 2013"]
[Source "ChessBase"]
[SourceDate "2012.11.22"]
[SourceVersion "1"]
[SourceVersionDate "2012.11.22"]
[SourceQuality "1"]

1. e4 c5 2. Nf3 Nc6 3. Bb5 Nd4 4. Nxd4 cxd4 5. 0-0 a6 6. Bc4 e6 7. d3 g6 8. c3 b5 9. Bb3 Bg7 10. Bd2 dxc3 11. Bxc3 Nf6 12. Nd2 Bb7 13. a4 0-0 14. axb5 axb5 15. e5 Nd5 16. Bxd5 Bxd5 17. Ne4 Bxe4 18. dxe4 Rxa1 19. Qxa1 Qb6 20. Rd1 Qb7 21. Qa5 Ra8 22. Qb4 Ra4 23. Qe7 b4 24. Bd4 Bf8 25. Qh4 b3 26. Be3 Rxe4 27. Qd8 Rxe5 28. Rxd7 Qa6 29. h3 Qa1+ 30. Kh2 Rd5 31. Bh6 1-0

[Event "Wch U16 Girls"]
[Site "Maribor"]
[Date "2012.11.10"]
[Round "3.19"]
[White "Blagojevic, Tijana"]
[Black "Xiao, Alice"]
[Result "0-1"]
[WhiteElo "2090"]
[BlackElo "1843"]
[PlyCount "72"]
[EventDate "2012.11.08"]
[EventType "swiss"]
[EventRounds "11"]
[EventCountry "SLO"]
[SourceTitle "EXT 2013"]
[Source "ChessBase"]
[SourceDate "2012.11.22"]
[SourceVersion "1"]
[SourceVersionDate "2012.11.22"]
[SourceQuality "1"]

1. e4 d5 2. exd5 Qxd5 3. Nc3 Qa5 4. d4 c6 5. Bd2 Qc7 6. Bd3 Nf6 7. Nf3 Bg4 8. Qe2 Nbd7 9. Bc4 e6 10. h3 Bh5 11. g4 Bg6 12. Ne5 Nxe5 13. dxe5 Nd7 14. f4 Bxc2 15. Rc1 Bg6 16. h4 h5 17. f5 exf5 18. e6 Ne5 19. gxf5 Bxf5 20. exf7+ Kd7 21. Bf4 Nd3+ 22. Bxd3 Qxf4 23. Bxf5+ Qxf5 24. Rd1+ Kc7 25. Qh2+ Kb6 26. Qg1+ Ka6 27. Rd4 Bc5 28. Ra4+ Kb6 29. Qf1 Qc2 30. Rc4 Rhe8+ 31. fxe8Q Rxe8+ 32. Re4 Qc1+ 33. Ke2 Qxb2+ 34. Kf3 Qxc3+ 35. Kf4 Rf8+ 36. Kg5 Qg3+ 0-1

[Event "CAN-ch U16 Girls"]
[Site "Vancouver"]
[Date "2012.07.03"]
[Round "2"]
[White "Kalaydina, Regina Veronicka"]
[Black "Xiao, Alice"]
[Result "0-1"]
[WhiteElo "1990"]
[BlackElo "1821"]
[PlyCount "146"]
[EventDate "2012.07.03"]
[EventType "tourn"]
[EventRounds "6"]
[EventCountry "CAN"]
[SourceTitle "EXT 2022"]
[Source "ChessBase"]
[SourceDate "2021.10.06"]
[SourceVersion "1"]
[SourceVersionDate "2021.10.06"]
[SourceQuality "1"]

1. d4 d5 2. c4 e6 3. Nc3 Nf6 4. cxd5 exd5 5. Bg5 Be7 6. e3 0-0 7. Bd3 Be6 8. Nge2 c6 9. 0-0 Nbd7 10. Rc1 Re8 11. Bb1 Nf8 12. Nf4 N6d7 13. Bxe7 Qxe7 14. Re1 Qg5 15. b4 Bf5 16. b5 Bxb1 17. Rxb1 Nb6 18. a4 Nc4 19. Qh5 Qxh5 20. Nxh5 Nd7 21. Nf4 Ndb6 22. Ra1 a5 23. Nd3 h6 24. Ra2 Rab8 25. Rae2 Rbd8 26. Rb1 Rb8 27. Nc5 Red8 28. Nd1 Kh8 29. Nb2 Kg8 30. Nxc4 Nxc4 31. h3 Kh8 32. Ree1 Na3 33. Rb3 Nc4 34. Rd1 Kg8 35. Kf1 Kh8 36. Ke2 Kg8 37. bxc6 bxc6 38. Rdb1 Rxb3 39. Rxb3 Rc8 40. Rb7 g6 41. Kf3 Kg7 42. Kg3 Kf6 43. Ra7 Kg7 44. Nb7 Rc7 45. e4 dxe4 46. Kf4 Nd6 47. Nxd6 Rxa7 48. Nxe4 Rb7 49. Ke5 Rb4 50. Nc5 Rb2 51. Kd6 Rxf2 52. Kxc6 Rxg2 53. d5 Rd2 54. d6 Kf8 55. Kc7 f5 56. Ne6+ Ke8 57. Kc6 Rc2+ 58. Kb6 Kd7 59. Nf8+ Kxd6 60. Nxg6 Rc5 61. h4 Rd5 62. h5 Ke6 63. Nf4+ Ke5 64. Nxd5 Kxd5 65. Kxa5 f4 66. Kb6 f3 67. a5 f2 68. a6 f1Q 69. a7 Qf6+ 70. Kb7 Qe7+ 71. Kb8 Qd8+ 72. Kb7 Qd7+ 73. Kb8 Kd6 0-1

[Event "British Columbia-ch U20"]
[Site "Vancouver"]
[Date "2011.11.13"]
[Round "4.5"]
[White "Doknjas, Joshua"]
[Black "Xiao, Alice"]
[Result "0-1"]
[WhiteElo "1538"]
[BlackElo "1777"]
[PlyCount "56"]
[EventDate "2011.11.12"]
[EventType "swiss"]
[EventRounds "5"]
[EventCountry "CAN"]
[SourceTitle "EXT 2022"]
[Source "ChessBase"]
[SourceDate "2021.10.06"]
[SourceVersion "1"]
[SourceVersionDate "2021.10.06"]
[SourceQuality "1"]

1. e4 d5 2. exd5 Qxd5 3. Nc3 Qd6 4. Nf3 Nf6 5. d4 c6 6. Bc4 Bg4 7. Be3 e6 8. h3 Bh5 9. g4 Bg6 10. Ne5 Nbd7 11. Bf4 Qb4 12. Nxg6 hxg6 13. Bb3 Ne4 14. Qd3 Nxc3 15. bxc3 Qb6 16. c4 Rd8 17. Qe3 Nf6 18. g5 Nh5 19. c3 Nxf4 20. Qxf4 Qa5 21. Kd2 Be7 22. h4 Rxh4 23. Qg3 Rdxd4+ 24. Kc2 Qf5+ 25. Kb2 Rd2+ 26. Kc1 Rxh1+ 27. Kxd2 Rxa1 28. Qb8+ Bd8 0-1

[Event "British Columbia-ch U20"]
[Site "Vancouver"]
[Date "2011.11.12"]
[Round "1.1"]
[White "Xiao, Alice"]
[Black "Sohal, Tanraj"]
[Result "0-1"]
[WhiteElo "1777"]
[BlackElo "2214"]
[PlyCount "84"]
[EventDate "2011.11.12"]
[EventType "swiss"]
[EventRounds "5"]
[EventCountry "CAN"]
[SourceTitle "EXT 2022"]
[Source "ChessBase"]
[SourceDate "2021.10.06"]
[SourceVersion "1"]
[SourceVersionDate "2021.10.06"]
[SourceQuality "1"]

1. e4 c5 2. Nf3 Nc6 3. d4 cxd4 4. Nxd4 Nf6 5. Nc3 e5 6. Ndb5 d6 7. Bg5 a6 8. Na3 b5 9. Bxf6 gxf6 10. Nd5 Bg7 11. c3 Ne7 12. Nc2 0-0 13. Nce3 Nxd5 14. Nxd5 f5 15. exf5 Bxf5 16. a4 Be6 17. axb5 axb5 18. Rxa8 Qxa8 19. Nb4 Qe4+ 20. Be2 Qxg2 21. Bf3 Qg5 22. Qd2 Qf5 23. Qd3 Qxd3 24. Nxd3 d5 25. Nc5 Rc8 26. Nxe6 fxe6 27. Bg4 Kf7 28. Rg1 Bh6 29. Ke2 b4 30. Ra1 bxc3 31. bxc3 Rxc3 32. Ra7+ Kf6 33. Rxh7 Bf4 34. h4 e4 35. Rd7 Rc2+ 36. Ke1 Ke5 37. Re7 Rc6 38. Ra7 Rc1+ 39. Ke2 d4 40. Ra5+ Kf6 41. f3 d3+ 42. Kf2 e3+ 0-1

[Event "British Columbia-ch U20"]
[Site "New Westminster"]
[Date "2010.11.13"]
[Round "2"]
[White "Sohal, Tanraj"]
[Black "Xiao, Alice"]
[Result "1-0"]
[WhiteElo "2153"]
[BlackElo "1728"]
[PlyCount "143"]
[EventDate "2010.11.13"]
[EventType "swiss"]
[EventRounds "5"]
[EventCountry "CAN"]
[SourceTitle "EXT 2022"]
[Source "ChessBase"]
[SourceDate "2021.10.06"]
[SourceVersion "1"]
[SourceVersionDate "2021.10.06"]
[SourceQuality "1"]

1. d4 d5 2. c4 e6 3. Nc3 Nf6 4. cxd5 exd5 5. Bg5 Be7 6. e3 h6 7. Bh4 0-0 8. Bd3 b6 9. Nge2 Nbd7 10. 0-0 Bb7 11. Qb3 c6 12. Rac1 Rc8 13. a3 Kh8 14. Rfd1 Ne4 15. Bg3 Nxg3 16. Nxg3 Bd6 17. e4 Bxg3 18. hxg3 dxe4 19. Bxe4 Nf6 20. Bf3 Qd7 21. Qa4 Ba8 22. Re1 Rfe8 23. Rxe8+ Rxe8 24. Rd1 Rd8 25. Qc4 Nd5 26. Bxd5 cxd5 27. Qd3 Bb7 28. Re1 Re8 29. Re3 Kg8 30. Qe2 Rxe3 31. Qxe3 Qe6 32. Qxe6 fxe6 33. f4 Kf8 34. Kf2 Ke7 35. Nb5 a6 36. Nc3 Bc6 37. Kf3 Kf6 38. Nd1 Ba4 39. Nc3 Bc6 40. b3 Be8 41. g4 Bc6 42. Nd1 Be8 43. Ne3 Bc6 44. g3 Bd7 45. Kg2 Bc6 46. Kh3 Bd7 47. Kh4 Bc8 48. Kh5 Bd7 49. g5+ hxg5 50. fxg5+ Kf7 51. Ng4 Bb5 52. Ne5+ Kg8 53. Kg4 Be8 54. Kf4 Kf8 55. Nd3 Ke7 56. Ke5 Bd7 57. Nf4 Bc8 58. g6 Bd7 59. Nh5 Be8 60. Nxg7 Bxg6 61. Nxe6 b5 62. Nc7 Kd7 63. Nxa6 Bc2 64. g4 Bxb3 65. Nc5+ Kc6 66. Nxb3 b4 67. axb4 Kb5 68. g5 Kxb4 69. g6 Kxb3 70. g7 Kb4 71. g8Q Ka4 72. Qb8 1-0